U.S. States with the Highest Birth Rate - Statistics

General Stats
  • This quiz has been taken 88 times
  • The average score is 9 of 12
Answer Stats
Rate Answer % Correct
13.5 Texas
87%
15.7 Utah
81%
12.5 Kansas
79%
12.5 Mississippi
79%
12.5 Arkansas
75%
12.9 Idaho
75%
12.8 Oklahoma
74%
13.0 Louisiana
71%
14.2 North Dakota
69%
14.0 South Dakota
69%
13.4 Nebraska
68%
14.1 Alaska
61%
No matching quizzes found
Score Distribution
Percent of People with Each Score
Percentile by Number Answered
Your Score History
You have not taken this quiz